| 000 | 01264nam a2200229Ia 4500 | ||
|---|---|---|---|
| 001 | P200-58764 | ||
| 003 | IT-CnALBA | ||
| 008 | 170116s9999||||xx |||||||||||||| ||und|| | ||
| 040 |
_aIT-CnALBA _cIT-CnALBA |
||
| 041 | _aITALIANO | ||
| 100 | _aAlberione don Giacomo (Primo Maestro) # Giaccardo don Timoteo (Vicario) | ||
| 245 | 0 | _aREGOLAMENTO Dell'Aspirante all'Apostolato. | |
| 250 | _a2a ed. | ||
| 260 |
_aALBA (CN) _bPia SOCIETÀ San Paolo ALBA' _c1950 [1° Ed.:1950 - Ed.Ling.Originale: 1950] |
||
| 300 | _a112 p. | ||
| 500 | _aOPUSCOLO di Benvenuto ai nuovi Aspiranti, entranti, nella Pia SOCIETÀ san Paolo. Un piccolo Vademecum per vivere gioiosamente in comunità.Prefazione del maggio 1949. Prefazione. # La Pia SOCIETÀ San Paolo. # La Pietà. # Lo Studio. # L'Apostolato. # L | ||
| 501 | _aSocietà San Paolo EM - Piazza San Paolo, 14 - 12051 ALBA (CN) (non commercial uses only) ® Copyright 2017 | ||
| 520 | _aOPUSCOLO di Benvenuto ai nuovi Aspiranti, entranti, nella Pia SOCIETÀ san Paolo. Un piccolo Vademecum per vivere gioiosamente in comunità.Prefazione del maggio 1949. Prefazione. # La Pia SOCIETÀ San Paolo. # La Pietà. # Lo Studio. # L'Apostolato. # L | ||
| 650 | _aPAOLINITÀ | ||
| 942 | _cBK | ||
| 957 | _71 | ||
| 999 |
_a79690 _bNO _g Copie: 1 _c318319 _d318319 |
||